World Capitals Closest to Havana - Statistics

General Stats
  • This quiz has been taken 211 times
    199 since last reset
  • The average score is 17 of 20
Answer Stats
km capital miles % Correct
1786 Mexico City 1110
97%
811 Kingston 504
95%
1601 Panama City 995
93%
1829 Washington 1136
93%
1163 Port-au-Prince 723
91%
1393 Santo Domingo 866
89%
553 Nassau 344
88%
2164 Caracas 1344
87%
1273 San Salvador 791
87%
1274 Guatemala City 792
86%
1479 San José 919
86%
2236 Bogotá 1389
83%
931 Belmopan 578
82%
1291 Managua 802
82%
1127 Tegucigalpa 700
81%
2470 Castries 1535
76%
2368 Roseau 1471
75%
2149 Basseterre 1335
72%
2244 Saint John's 1394
70%
2492 Kingstown 1548
68%
No matching quizzes found
Score Distribution
Percent of People with Each Score
Percentile by Number Answered
Your Score History
You have not taken this quiz since the last reset